| 000 | 00667nam a22001577a 4500 | ||
|---|---|---|---|
| 003 | OSt | ||
| 005 | 20150922104248.0 | ||
| 008 | 150922b xxu||||| |||| 00| 0 eng d | ||
| 040 | _cRUA | ||
| 082 | _aAGR OU 2007 B035 Or.1 | ||
| 100 |
_91090 _aOU, SOCHEATA. |
||
| 245 | _aDensity and using talipot palm in svaychras commune, snoul district, kratie province ដង់សុីតេនិងការប្រើប្រាស់ដើមទ្រាំងនៅក្នុងឃុំស្វាយជ្រះស្រុកស្នួលខេត្តក្រចេះ | ||
| 260 |
_aPhnom Penh _bRUA _c2007 |
||
| 300 |
_axi, 47p. _bill. _c29cm. |
||
| 942 |
_2ddc _cAGR |
||
| 999 |
_c1045 _d1045 |
||